Most Popular Liquor By Country - Statistics

General Stats
  • This quiz has been taken 290 times
  • The average score is 8 of 15
Answer Stats
Country Answer % Correct
Russia Vodka
99%
Mexico Tequila
94%
Poland Vodka
73%
United States Vodka
62%
Colombia Rum
56%
Japan Whiskey
56%
United Kingdom Vodka
52%
Netherlands Gin
48%
Australia Whiskey
48%
India Whiskey
46%
Chile Rum
45%
France Whiskey
44%
Italy Rum
36%
China Brandy
31%
Philippines Brandy
23%
No matching quizzes found
Score Distribution
Percent of People with Each Score
Percentile by Number Answered
Your Score History
You have not taken this quiz